000 00559nam a2200181Ia 4500
003 GCL
008 140319s9999 xx 000 0 ara d
040 _aGCL /
_cGCL
082 0 4 _a889
_bك ز
100 1 _aجورج طرابيشى (مترجم)
245 1 0 _aزوربا: رواية /
_cجورج طرابيشى (مترجم)
700 1 _aكازانتزاكس، نيقوس
300 _a316 ص
490 _aكتاب
_v0
650 0 4 _aالادب اليابانى المترجم
650 0 4 _aالقصص اليونانية المترجمة
942 _2ddc
_cBK
999 _c41952
_d41952